Manual de construcción de viviendas con armadura de madera - Canadá

Guardat en:
Dades bibliogràfiques
Format: Llibre
Idioma:espanyol
Publicat: Ottawa CMHC 1998
Matèries:
Etiquetes: Afegir etiqueta
Sense etiquetes, Sigues el primer a etiquetar aquest registre!

MARC

LEADER 00000nam a2200000 a 4500
001 UCO8739
003 CL-VaPUC
008 001221e19980000cn |||||||||||||||||spa|d
082 0 4 |a 694.1  |b MAN  |2 21 
245 1 0 |a Manual de construcción de viviendas con armadura de madera - Canadá 
300 |a 348 p 
942 |c BK 
945 |d 20001221 00:00:00  |a cmena 
260 |a Ottawa  |b CMHC  |c 1998 
650 0 |a Viviendas   |9 255326 
650 0 |a Materiales de construcción  |9 260197 
650 0 |a Madera  |9 262357 
650 0 |a Construcción de viviendas   |9 266842 
583 |a last modification  |c 20171005 01:58:17  |k Rodrigo Vera 
999 |c 293207  |d 293205 
952 |0 0  |1 0  |4 0  |6 694_100000000000000_MAN_1998  |7 0  |8 A  |9 344558  |a BIBING  |b BIBING  |d 2019-11-20  |i 3671410  |o 694.1 MAN 1998  |p 3671410  |r 2025-01-20  |w 2019-11-20  |y BK  |k CCL